01376cam a2200361 i 450000100060000000300080000600500170001400800410003102000150007203500210008703500240010803500280013203500140016003500150017404000310018904100080022008200210022809000160024910000290026524500880029426000520038230000320043449000500046650400390051665000460055565000340060165000370063583000590067294200120073199900170074395201330076095201210089343318BD-RjUL20211209053700.0160621s1978 maua b 001 0 eng  a0878721657 a(OCoLC)123194723 a(OCoLC)ocn123194723 a(CStRLIN)NYCG14102900-B a(BD-RjUL) a(NNC)16628 aBD-RjUL43436bengcBD-RjUL aeng a382.1bPIN 1978  bHF1411.P5361 aPirages, Dennis.913305714aThe new context of international relations :bglobal ecopolitics /cDennis Pirages. aNorth Scituate, Mass. :bDuxbury Press,cc1978. ax, 283 p. :bill. ;c24 cm.1 aDuxbury Press series in international studies aIncludes bibliographies and index. 0aInternational economic relations.9133058 0aEnvironmental policy.9133059 0aInternational relations.9133060 0aDuxbury Press series in international studies.9133062 2ddccBK c43318d43318 00102ddc40708NFICaRUCLbRUCLcStackd1991-06-15eAnik Library l0o382.1 PIN 1978r2016-06-21 00:00:00tC-2w2016-06-21yBK 00102ddc40718NFICaRUCLbRUCLcReadingd1990-08-22l0o382.1 PIN 1978 r2025-05-27 00:00:00tC-1w2025-05-27yBK